00789nam a2200229 a 4500001000900000005001700009008004100026020001500067040001300082041001300095050002200108245007800130260004500208300004200253504003200295650004800327700002600375700003100401942001100432999001300443952010300456BRCA_84520190320203156.0920731s1989 fi-a---##b---#000-0#eng-# a9512632446 aDLCcDLC aenghfin 4aNK7171b.F56 198910aFinnish Silverceditor Tuula Poutasuo ; English text Michael Wynne-Ellis. aHelsinki, FinlandiabKirjayhtymäc1989 a127 p.bil. (algunas a color)c25 cm. aBibliografía : p. 126-12714aTrabajo en plataxHistoriazFinlandia928161 aPoutasuo, Tuula928171 aWynne-Ellis, Michael92818 2lcccB c740d740 00104070aBRCAbBRCAd2008-06-26l0oNK7171 .F56 1989p01315r2019-03-22 00:00:00w2019-03-22yB